Encyclopedia of social work in India (Record no. 13610)

MARC details
000 -LEADER
fixed length control field 00417nam a2200133Ia 4500
082 ## - DEWEY DECIMAL CLASSIFICATION NUMBER
Classification number RR 361.003 ENC;
245 #0 - TITLE STATEMENT
Title Encyclopedia of social work in India
260 ## - PUBLICATION, DISTRIBUTION, ETC. (IMPRINT)
Place of publication Delhi
Name of publisher Ministry of information and broadcasting
Year of publication 1968
300 ## - PHYSICAL DESCRIPTION
Number of Pages 3v.
500 ## - GENERAL NOTE
General note Contents: Vol.1.(xxxi,527p.) - v.2.(xv,687p.) - v.3.(xii,297p.)
650 ## - SUBJECT ADDED ENTRY--TOPICAL TERM
Topical Term Social service - Encyclopedias - India
650 ## - SUBJECT ADDED ENTRY--TOPICAL TERM
Topical Term Social work
942 ## - ADDED ENTRY ELEMENTS (KOHA)
Koha item type Books
Source of classification or shelving scheme Dewey Decimal Classification
Holdings
Withdrawn status Lost status Damaged status Not for loan Home library Current library Date acquired Serial Enumeration / chronology Full call number Accession Number Price effective from Koha item type
        NASSDOC Library NASSDOC Library 08/06/2004 V.1 RR 361.003 ENC; 576 18/04/2019 Books
        NASSDOC Library NASSDOC Library 08/06/2004 V.2 RR 361.003 ENC; 577 18/04/2019 Books
        NASSDOC Library NASSDOC Library 08/06/2004 V.3 RR 361.003 ENC; ECTS B 578 18/04/2019 Books